FEDEGRAPHICA : (Record no. 181984)
[ view plain ]
| 000 -LEADER | |
|---|---|
| fixed length control field | 01961nam a22002891i 4500 |
| 005 - DATE AND TIME OF LATEST TRANSACTION | |
| control field | 20210210124618.0 |
| 008 - FIXED-LENGTH DATA ELEMENTS--GENERAL INFORMATION | |
| fixed length control field | 210210t20182016uk ad||g ||| 000 0beng d |
| 020 ## - INTERNATIONAL STANDARD BOOK NUMBER | |
| International Standard Book Number | 9781781317587 |
| Terms of availability | RM 125.81 |
| Qualifying information | paperback |
| 040 ## - CATALOGING SOURCE | |
| Original cataloging agency | PPAK |
| Language of cataloging | eng |
| Transcribing agency | PPAK |
| Description conventions | rda |
| 082 04 - DEWEY DECIMAL CLASSIFICATION NUMBER | |
| Edition number | 23 |
| Classification number | 796.342092 |
| 090 00 - LOCALLY ASSIGNED LC-TYPE CALL NUMBER (OCLC); LOCAL CALL NUMBER (RLIN) | |
| Classification number (OCLC) (R) ; Classification number, CALL (RLIN) (NR) | 796.342092 |
| Feature heading | HOD |
| Feature heading | G |
| 100 1# - MAIN ENTRY--PERSONAL NAME | |
| Personal name | Hodgkinson, Mark, |
| Relator term | author. |
| 245 10 - TITLE STATEMENT | |
| Title | FEDEGRAPHICA : |
| Remainder of title | A GRAPHIC BIOGRAPHY OF THE GENIUS OF ROGER FEDERER / |
| Statement of responsibility, etc. | MARK HODGKINSON |
| 250 ## - EDITION STATEMENT | |
| Edition statement | Updated Edition |
| 264 #1 - PRODUCTION, PUBLICATION, DISTRIBUTION, MANUFACTURE, AND COPYRIGHT NOTICE | |
| Place of production, publication, distribution, manufacture | London : |
| Name of producer, publisher, distributor, manufacturer | Aurum Press, |
| Date of production, publication, distribution, manufacture, or copyright notice | 2018. |
| Date of production, publication, distribution, manufacture, or copyright notice | ©2016 |
| 300 ## - PHYSICAL DESCRIPTION | |
| Extent | 272 pages : |
| Other physical details | colour illustrations ; |
| Dimensions | 24 cm. |
| 336 ## - CONTENT TYPE | |
| Source | rdacontent |
| Content type term | text |
| -- | still image |
| 337 ## - MEDIA TYPE | |
| Source | rdamedia |
| Media type term | unmediated |
| 338 ## - CARRIER TYPE | |
| Source | rdacarrier |
| Carrier type term | volume |
| 500 ## - GENERAL NOTE | |
| General note | Includes bibliographical references |
| 520 ## - SUMMARY, ETC. | |
| Summary, etc. | BIOGRAPHY: SPORT. ROGER FEDERER is almost universally recognised as the greatest tennis player of all time; he might also be the greatest athlete. Adored around the world, Federer has become one of sport's most iconic and popular figures. In this innovative graphic biography, Federer's genius is explored and celebrated like never before, with beautiful infographics looking at his serving patterns, the speed of his shots, the spin he generates, his movement, as well as his performance in high-pressure situations such as tiebreaks and Grand Slam finals. Federer's astonishing records - no man has won more majors, or spent more weeks as the world number one - are also showcased against his rivals and the legends of the game. Drawing on his conversations with Federer, as well as exclusive interviews with those close to the Swiss, Mark Hodgkinson tells the story of how a young hothead from Basel transformed himself into a calm and poised athlete who came to dominate tennis. |
| 600 10 - SUBJECT ADDED ENTRY--PERSONAL NAME | |
| Personal name | Federer, Roger, 1981- |
| 650 10 - SUBJECT ADDED ENTRY--TOPICAL TERM | |
| Topical term or geographic name entry element | Federer, Roger, 1981- |
| General subdivision | Miscellanea |
| -- | Pictorial works. |
| Topical term or geographic name entry element | Tennis players |
| Geographic subdivision | Switzerland |
| Form subdivision | Biography. |
| 942 ## - ADDED ENTRY ELEMENTS (KOHA) | |
| Source of classification or shelving scheme | Dewey Decimal Classification |
| Koha item type | Book |
| Withdrawn | Not for loan | Current library | Shelving location | Date acquired | Full call number | Barcode | Date last seen | Koha item type |
|---|---|---|---|---|---|---|---|---|
| Perpustakaan Alor Setar | Pinjaman Dewasa | 19/02/2021 | 796.342092 HOD | A01675138 | 19/02/2021 | Book |